[Event "SVK-ch U14"]
[Site "Dudince"]
[Date "2023.04.21"]
[Round "7"]
[White "Magda, Filip"]
[Black "Bilik, Matej"]
[Result "1/2-1/2"]
[WhiteElo "1659"]
[BlackElo "1636"]
[PlyCount "62"]
[EventDate "2023.04.16"]
[EventType "swiss"]
[EventRounds "9"]
[EventCountry "SVK"]
[SourceTitle "CBM 213 Extra"]
[Source "ChessBase"]
[SourceDate "2023.05.31"]
[SourceVersion "1"]
[SourceVersionDate "2023.05.31"]
[SourceQuality "1"]

1. c4 g6 2. Nc3 Bg7 3. g3 c5 4. Bg2 Nc6 5. Nf3 e5 6. 0-0 Nge7 7. Ne1 0-0 8. d3 d6 9. Nc2 Be6 10. Ne3 Qd7 11. Ned5 Bh3 12. Rb1 Bxg2 13. Kxg2 Nxd5 14. Nxd5 Ne7 15. Nxe7+ Qxe7 16. Bd2 Qd7 17. a3 Rab8 18. b4 b6 19. b5 Rfd8 20. Qc1 d5 21. Rd1 Qf5 22. cxd5 e4 23. Bf4 Be5 24. Bxe5 Qxe5 25. Qe3 Rxd5 26. dxe4 Rxd1 27. Rxd1 Re8 28. Kf3 Qh5+ 29. Kg2 Qe5 30. Kf3 Qh5+ 31. Kg2 Qe5 1/2-1/2

[Event "SVK-ch U14"]
[Site "Dudince"]
[Date "2023.04.16"]
[Round "1"]
[White "Magda, Filip"]
[Black "Toth, Marton1"]
[Result "1-0"]
[WhiteElo "1659"]
[BlackElo "1286"]
[PlyCount "87"]
[EventDate "2023.04.16"]
[EventType "swiss"]
[EventRounds "9"]
[EventCountry "SVK"]
[SourceTitle "CBM 213 Extra"]
[Source "ChessBase"]
[SourceDate "2023.05.31"]
[SourceVersion "1"]
[SourceVersionDate "2023.05.31"]
[SourceQuality "1"]

1. e4 c5 2. Nf3 d6 3. d4 cxd4 4. Nxd4 Nf6 5. Nc3 g6 6. Be3 Ng4 7. Qd2 Bg7 8. Bc4 0-0 9. f3 Nxe3 10. Qxe3 Nc6 11. Nxc6 bxc6 12. Bb3 e6 13. 0-0-0 Bb7 14. h4 d5 15. exd5 cxd5 16. Qf2 Ba6 17. h5 Qb6 18. Qxb6 axb6 19. hxg6 hxg6 20. Rd2 Rfd8 21. Ne2 Rac8 22. Nf4 Bf6 23. Nd3 Bg5 24. f4 Bxd3 25. fxg5 Be4 26. Rh4 Kg7 27. g3 Rh8 28. Rdh2 Rxh4 29. gxh4 b5 30. a3 Rd8 31. Kd2 f6 32. Kc3 Rh8 33. gxf6+ Kxf6 34. Kb4 Ke5 35. Kxb5 g5 36. a4 Rxh4 37. Rf2 Rh7 38. a5 g4 39. a6 Bf3 40. Kb6 d4 41. a7 Kd6 42. Rxf3 Rxa7 43. Rf4 e5 44. Rf6+ 1-0

[Event "SVK-chT2D 2223"]
[Site "Slovakia"]
[Date "2022.11.12"]
[Round "3.5"]
[White "Magda, Filip"]
[Black "Heinrich, Jan"]
[Result "1/2-1/2"]
[WhiteElo "1591"]
[BlackElo "1845"]
[PlyCount "85"]
[EventDate "2022.10.08"]
[EventType "team-tourn"]
[EventRounds "11"]
[EventCountry "SVK"]
[SourceTitle "EXT 2024"]
[Source "ChessBase"]
[SourceDate "2023.10.10"]
[SourceVersion "1"]
[SourceVersionDate "2023.10.10"]
[SourceQuality "1"]
[WhiteTeam "Sabinov"]
[BlackTeam "Moldava nad Bodvou"]
[WhiteTeamCountry "SVK"]
[BlackTeamCountry "SVK"]

1. d4 Nf6 2. Nf3 g6 3. c4 Bg7 4. Nc3 d6 5. g3 0-0 6. Bg2 c6 7. 0-0 Nbd7 8. b4 Qc7 9. Bb2 Re8 10. b5 c5 11. dxc5 Nxc5 12. Nd2 Be6 13. Qc2 Rac8 14. Nd5 Bxd5 15. cxd5 Nfd7 16. Bxg7 Kxg7 17. Qb2+ Kg8 18. Rfc1 Qb8 19. Bh3 Rc7 20. Bxd7 Nxd7 21. Rxc7 Qxc7 22. Rc1 Qb8 23. Rc2 Rc8 24. Qc1 Nb6 25. Rxc8+ Qxc8 26. Qxc8+ Nxc8 27. Nc4 b6 28. f4 f5 29. Kf2 Kf7 30. Kf3 e6 31. e4 exd5 32. exd5 Kf6 33. h3 h6 34. g4 g5 35. Kg3 gxf4+ 36. Kxf4 fxg4 37. Kxg4 Ne7 38. Nxd6 Nxd5 39. Nc8 Nc3 40. Nxa7 Nxa2 41. Nc8 Nc3 42. Nxb6 Nxb5 43. Kh5 1/2-1/2

[Event "SVK-chT2D 2223"]
[Site "Slovakia"]
[Date "2022.10.09"]
[Round "2.5"]
[White "Fenda, Zdenek"]
[Black "Magda, Filip"]
[Result "1/2-1/2"]
[WhiteElo "1869"]
[BlackElo "1591"]
[PlyCount "109"]
[EventDate "2022.10.08"]
[EventType "team-tourn"]
[EventRounds "11"]
[EventCountry "SVK"]
[SourceTitle "EXT 2024"]
[Source "ChessBase"]
[SourceDate "2023.10.10"]
[SourceVersion "1"]
[SourceVersionDate "2023.10.10"]
[SourceQuality "1"]
[WhiteTeam "Margecany"]
[BlackTeam "Sabinov"]
[WhiteTeamCountry "SVK"]
[BlackTeamCountry "SVK"]

1. f4 c5 2. Nf3 Nc6 3. e3 g6 4. c3 Bg7 5. d4 cxd4 6. exd4 d6 7. Bd3 Nf6 8. Nbd2 0-0 9. 0-0 Bd7 10. Re1 Re8 11. Nf1 e5 12. fxe5 dxe5 13. Nxe5 Nxe5 14. Rxe5 Rxe5 15. dxe5 Ng4 16. Qb3 Qc7 17. Ne3 Bxe5 18. Nxg4 Bxg4 19. h3 Be6 20. Qc2 Rd8 21. Be3 b6 22. a3 Bh2+ 23. Kh1 Bf4 24. Bd4 Be5 25. Be3 Bc4 26. Bxc4 Qxc4 27. Rd1 Qc7 28. Rxd8+ Qxd8 29. Qd2 Qxd2 30. Bxd2 Bg3 31. Kg1 Kg7 32. Kf1 Kf6 33. Ke2 Kf5 34. b3 Ke4 35. a4 f5 36. Be3 Be5 37. c4 Bc3 38. c5 bxc5 39. Bxc5 a5 40. Be7 h6 41. Bf8 h5 42. Be7 f4 43. Bg5 Bb4 44. Bd8 Kf5 45. Kf3 g5 46. g4+ fxg3 47. Kxg3 g4 48. hxg4+ hxg4 49. Bc7 Be1+ 50. Kg2 Ke4 51. Kf1 Bc3 52. Kg2 Kd5 53. Bxa5 Bxa5 54. Kg3 Kd4 55. Kxg4 1/2-1/2

[Event "SVK-chT2D 2223"]
[Site "Slovakia"]
[Date "2022.10.08"]
[Round "1.5"]
[White "Magda, Filip"]
[Black "Sedmak, Viktor"]
[Result "1/2-1/2"]
[WhiteElo "1591"]
[BlackElo "1738"]
[PlyCount "67"]
[EventDate "2022.10.08"]
[EventType "team-tourn"]
[EventRounds "11"]
[EventCountry "SVK"]
[SourceTitle "EXT 2024"]
[Source "ChessBase"]
[SourceDate "2023.10.10"]
[SourceVersion "1"]
[SourceVersionDate "2023.10.10"]
[SourceQuality "1"]
[WhiteTeam "Sabinov"]
[BlackTeam "Gelnica Slovan"]
[WhiteTeamCountry "SVK"]
[BlackTeamCountry "SVK"]

1. d4 d5 2. Nf3 Nd7 3. c4 c6 4. Nc3 dxc4 5. g3 Nb6 6. Bg2 Nf6 7. 0-0 e6 8. Ne5 Be7 9. e3 0-0 10. Qe2 Nfd5 11. Nxc4 Nxc3 12. bxc3 Nxc4 13. Qxc4 Bd7 14. Qb3 Qc7 15. Ba3 Bxa3 16. Qxa3 Rfd8 17. Rab1 b6 18. f4 a6 19. Qb3 b5 20. c4 Ra7 21. c5 a5 22. a3 a4 23. Qc2 g6 24. h3 Re8 25. g4 Raa8 26. g5 Rad8 27. h4 f5 28. Qe2 Re7 29. h5 gxh5 30. Qxh5 Rg7 31. Qh4 Qa5 32. Rb4 Qc7 33. Rbb1 Qa5 34. Rb4 1/2-1/2

[Event "Liptovsky Jan op"]
[Site "Liptovsky Jan"]
[Date "2022.06.24"]
[Round "2.35"]
[White "Magda, Filip"]
[Black "Zelenka, Matej"]
[Result "0-1"]
[WhiteElo "1634"]
[BlackElo "1400"]
[PlyCount "84"]
[EventDate "2022.06.23"]
[EventType "swiss"]
[EventRounds "7"]
[EventCountry "SVK"]
[SourceTitle "CBM 209 Extra"]
[Source "ChessBase"]
[SourceDate "2022.09.30"]
[SourceVersion "1"]
[SourceVersionDate "2022.09.30"]
[SourceQuality "1"]

1. d4 d5 2. Nf3 Nf6 3. c4 c6 4. Nc3 Bf5 5. g3 g6 6. Bg2 Bg7 7. 0-0 0-0 8. b3 Nbd7 9. Bb2 Qc7 10. Nh4 Be6 11. cxd5 cxd5 12. Rc1 Qa5 13. a3 Rac8 14. b4 Qb6 15. Nf3 a6 16. Ng5 Rc7 17. Na4 Rxc1 18. Qxc1 Qb5 19. Nxe6 fxe6 20. Nc3 Qc6 21. Na2 Rc8 22. Qxc6 Rxc6 23. Rc1 Rxc1+ 24. Nxc1 Nb6 25. Nd3 Nc4 26. Bc1 Ne4 27. Bxe4 dxe4 28. Nc5 Bxd4 29. Nxb7 e3 30. fxe3 Bb6 31. Nc5 Bxc5 32. bxc5 Kf8 33. Kf2 Ke8 34. Kf3 Kd7 35. Ke4 Kc6 36. Kd4 Na5 37. Bb2 e5+ 38. Ke4 Kxc5 39. Bc3 Nc6 40. Bxe5 a5 41. Bd4+ Kc4 42. Bb2 Kb3 0-1

[Event "SVK-ch U14"]
[Site "Stara Lubovna"]
[Date "2022.05.26"]
[Round "7"]
[White "Magda, Filip"]
[Black "Smetana, Peter"]
[Result "0-1"]
[WhiteElo "1624"]
[BlackElo "1740"]
[PlyCount "68"]
[EventDate "2022.05.21"]
[EventType "swiss"]
[EventRounds "9"]
[EventCountry "SVK"]
[SourceTitle "CBM 208 Extra"]
[Source "ChessBase"]
[SourceDate "2022.07.31"]
[SourceVersion "1"]
[SourceVersionDate "2022.07.31"]
[SourceQuality "1"]

1. d4 Nf6 2. Nf3 g6 3. c4 Bg7 4. g3 0-0 5. Bg2 d6 6. 0-0 Nc6 7. Nc3 e5 8. dxe5 dxe5 9. e4 Be6 10. b3 a6 11. Bb2 Nd7 12. Nd5 Ne7 13. Ng5 Bxd5 14. exd5 Nf5 15. Ne4 Nd6 16. Nxd6 cxd6 17. Qd2 f5 18. Ba3 Rf6 19. Rad1 Rc8 20. Bb2 b5 21. cxb5 axb5 22. b4 Nb6 23. Ba1 Rf7 24. Rc1 Nc4 25. Qe2 Ra7 26. Rc2 Rca8 27. Rfc1 Ra4 28. Bc3 e4 29. Bxg7 Kxg7 30. Rxc4 bxc4 31. Qxc4 Rxa2 32. Qc7+ Qxc7 33. Rxc7+ Kf6 34. b5 R2a7 0-1

[Event "SVK-ch U14"]
[Site "Stara Lubovna"]
[Date "2022.05.23"]
[Round "4"]
[White "Magda, Filip"]
[Black "Benci, Jozef1"]
[Result "1/2-1/2"]
[WhiteElo "1624"]
[BlackElo "1624"]
[PlyCount "83"]
[EventDate "2022.05.21"]
[EventType "swiss"]
[EventRounds "9"]
[EventCountry "SVK"]
[SourceTitle "CBM 208 Extra"]
[Source "ChessBase"]
[SourceDate "2022.07.31"]
[SourceVersion "1"]
[SourceVersionDate "2022.07.31"]
[SourceQuality "1"]

1. d4 Nf6 2. Nf3 g6 3. c4 Bg7 4. g3 c6 5. Bg2 0-0 6. 0-0 d5 7. Nc3 Bg4 8. cxd5 cxd5 9. Re1 Bxf3 10. Bxf3 Nc6 11. Bg5 Ne4 12. Nxe4 dxe4 13. Bxe4 Qxd4 14. Bxc6 bxc6 15. Bxe7 Qxb2 16. Rb1 Qxa2 17. Bxf8 Rxf8 18. Qb3 Qxb3 19. Rxb3 a5 20. Rc1 a4 21. Rb4 Ra8 22. Rc2 c5 23. Rbc4 a3 24. Ra2 Bb2 25. Rxc5 Rd8 26. Ra5 Re8 27. e3 Kg7 28. R2xa3 Bxa3 29. Rxa3 Rd8 30. Kg2 Rd2 31. Kf3 Rb2 32. e4 Rc2 33. h4 h5 34. Ke3 Rb2 35. f3 Rb4 36. g4 hxg4 37. fxg4 Rb1 38. Kf3 Rh1 39. Kg3 Rg1+ 40. Kf3 Rh1 41. Kg3 Rg1+ 42. Kf3 1/2-1/2

[Event "SVK-ch U14"]
[Site "Stara Lubovna"]
[Date "2022.05.23"]
[Round "3"]
[White "Pongo, Aron"]
[Black "Magda, Filip"]
[Result "1/2-1/2"]
[WhiteElo "1566"]
[BlackElo "1624"]
[PlyCount "105"]
[EventDate "2022.05.21"]
[EventType "swiss"]
[EventRounds "9"]
[EventCountry "SVK"]
[SourceTitle "CBM 208 Extra"]
[Source "ChessBase"]
[SourceDate "2022.07.31"]
[SourceVersion "1"]
[SourceVersionDate "2022.07.31"]
[SourceQuality "1"]

1. c4 c5 2. Nf3 Nc6 3. g3 g6 4. Bg2 Bg7 5. 0-0 Nf6 6. Nc3 0-0 7. d4 cxd4 8. Nxd4 Nxd4 9. Qxd4 d6 10. Qd2 Rb8 11. b3 b6 12. Bb2 Bb7 13. Rac1 Bxg2 14. Kxg2 Rc8 15. Nd5 Nxd5 16. Bxg7 Kxg7 17. Qxd5 e6 18. Qd4+ e5 19. Qd5 Qd7 20. Rcd1 Qc6 21. Rd2 Rfd8 22. Rfd1 f5 23. Kg1 Rc7 24. Qd3 Rcd7 25. Qe3 Kf6 26. Rd5 Rb8 27. h4 Ke6 28. Qh6 Rg8 29. R1d3 a6 30. Qg5 Rgg7 31. Kh2 b5 32. cxb5 axb5 33. Qd2 Rg8 34. Qb4 Rb8 35. e4 Rbb7 36. a4 bxa4 37. Qxa4 Qxa4 38. exf5+ gxf5 39. bxa4 Rbc7 40. a5 Rc5 41. Rxc5 dxc5 42. Ra3 Ra7 43. Kg2 Kd6 44. Kf1 Kc6 45. Rf3 Rf7 46. a6 Kb6 47. Ra3 e4 48. f3 exf3 49. Kf2 Ra7 50. Rxf3 Kxa6 51. Rxf5 Kb5 52. Ke1 Rd7 53. Rf2 1/2-1/2

[Event "Lesnica Pieniny op"]
[Site "Lesnica"]
[Date "2022.04.08"]
[Round "1"]
[White "Nemergut, Matej"]
[Black "Magda, Filip"]
[Result "1-0"]
[WhiteElo "2059"]
[BlackElo "1633"]
[PlyCount "63"]
[EventDate "2022.04.08"]
[EventType "swiss"]
[EventRounds "7"]
[EventCountry "SVK"]
[SourceTitle "CBM 207 Extra"]
[Source "ChessBase"]
[SourceDate "2022.05.31"]
[SourceVersion "1"]
[SourceVersionDate "2022.05.31"]
[SourceQuality "1"]

1. e4 c5 2. d4 cxd4 3. c3 dxc3 4. Nxc3 Nc6 5. Nf3 g6 6. Bc4 Bg7 7. 0-0 Nf6 8. e5 Ng4 9. Bxf7+ Kxf7 10. Ng5+ Ke8 11. Qxg4 Nxe5 12. Qe4 d6 13. Re1 Rb8 14. Bf4 Bf5 15. Qa4+ Bd7 16. Qxa7 h6 17. Nge4 Rf8 18. Qe3 g5 19. Bxg5 hxg5 20. Qxg5 Bf6 21. Qh5+ Rf7 22. Nd5 Bc6 23. Ndxf6+ exf6 24. f4 Bxe4 25. Rxe4 Qb6+ 26. Kh1 Qxb2 27. Rae1 Qxa2 28. fxe5 fxe5 29. Rxe5+ dxe5 30. Qxe5+ Kd7 31. Qxb8 Qa6 32. Qe8+ 1-0

[Event "SVK-chT1E 2122"]
[Site "Slovakia"]
[Date "2022.01.29"]
[Round "1.6"]
[White "Magda, Filip"]
[Black "Kratochvil, Karel"]
[Result "1/2-1/2"]
[WhiteElo "1633"]
[BlackElo "2113"]
[PlyCount "122"]
[EventDate "2022.01.29"]
[EventType "team-tourn"]
[EventRounds "11"]
[EventCountry "SVK"]
[SourceTitle "EXT 2023"]
[Source "ChessBase"]
[SourceDate "2022.10.05"]
[SourceVersion "1"]
[SourceVersionDate "2022.10.05"]
[SourceQuality "1"]
[WhiteTeam "Sabinov"]
[BlackTeam "Presov Tatran Dason"]
[WhiteTeamCountry "SVK"]
[BlackTeamCountry "SVK"]

1. d4 Nf6 2. c4 c5 3. Nf3 cxd4 4. Nxd4 e5 5. Nf3 Nc6 6. Nc3 Bc5 7. g3 d6 8. Bg2 0-0 9. 0-0 h6 10. a3 a6 11. b4 Ba7 12. Bb2 Be6 13. Nd2 Rc8 14. Nd5 Bxd5 15. cxd5 Nd4 16. e3 Nb5 17. Rc1 Rxc1 18. Qxc1 Qd7 19. Nb3 Rc8 20. Qd2 Nc7 21. Rc1 Na8 22. Rc3 Nb6 23. Qd1 Rxc3 24. Bxc3 Qb5 25. e4 Qc4 26. Be1 Nbd7 27. Na5 Qc7 28. Qd2 Bd4 29. Nb3 Bb6 30. Qc3 Kf8 31. Qxc7 Bxc7 32. f3 b5 33. Bf2 Ke8 34. Kf1 Nb6 35. Bxb6 Bxb6 36. Ke2 h5 37. h3 Nd7 38. Kd3 Bf2 39. g4 Nb6 40. Na5 g6 41. Bf1 Kd7 42. Kc3 Kc7 43. Nc6 Bh4 44. gxh5 gxh5 45. Kb3 Bg5 46. Kc3 Nd7 47. Kb3 Nf8 48. a4 Kb6 49. axb5 axb5 50. Kc3 Ng6 51. Kd3 Nh4 52. Ke2 f5 53. Kf2 Bd2 54. Ke2 Bc3 55. Ke3 Be1 56. Ke2 Bc3 57. Ke3 f4+ 58. Ke2 Bb2 59. Kf2 Bc1 60. Ke2 Be3 61. Ne7 Kc7 1/2-1/2

[Event "Tatranska Lomnica Tatry op"]
[Site "Tatranska Lomnica"]
[Date "2021.10.06"]
[Round "6"]
[White "Magda, Filip"]
[Black "Stevik, Patrik1"]
[Result "0-1"]
[WhiteElo "1478"]
[BlackElo "2148"]
[PlyCount "90"]
[EventDate "2021.10.02"]
[EventType "swiss"]
[EventRounds "9"]
[EventCountry "SVK"]
[SourceTitle "EXT 2023"]
[Source "ChessBase"]
[SourceDate "2022.10.05"]
[SourceVersion "1"]
[SourceVersionDate "2022.10.05"]
[SourceQuality "1"]

1. d4 g6 2. c4 Bg7 3. Nf3 Nf6 4. g3 0-0 5. Bg2 d6 6. 0-0 Nbd7 7. Nc3 e5 8. dxe5 dxe5 9. Nd2 c6 10. Nde4 Nxe4 11. Nxe4 f5 12. Nd6 e4 13. f3 Qb6+ 14. Kh1 exf3 15. exf3 Ne5 16. Nxc8 Raxc8 17. Qc2 Qd4 18. Qb3 Rf7 19. Be3 Qxc4 20. Qxc4 Nxc4 21. Bxa7 Ra8 22. Bf2 Bxb2 23. Rad1 Rxa2 24. Rd8+ Kg7 25. f4 Bf6 26. Rdd1 Re7 27. Kg1 Ne3 28. Bxe3 Rxe3 29. Rd7+ Re7 30. Rxe7+ Bxe7 31. Rb1 Bc5+ 32. Kh1 Kf6 33. Re1 Bd4 34. Rd1 Ra1 35. Rxa1 Bxa1 36. Kg1 Ke6 37. Kf1 Kd6 38. Ke2 b5 39. Kd3 c5 40. Bf3 c4+ 41. Kc2 Kc5 42. Be2 Bd4 43. h3 Bf2 44. g4 Be3 45. gxf5 gxf5 0-1

[Event "Skalica op-B"]
[Site "Skalica"]
[Date "2021.08.28"]
[Round "8"]
[White "Bartos, Bohumil"]
[Black "Magda, Filip"]
[Result "1/2-1/2"]
[WhiteElo "1501"]
[BlackElo "1394"]
[PlyCount "55"]
[EventDate "2021.08.21"]
[EventType "swiss"]
[EventRounds "9"]
[EventCountry "SVK"]
[SourceTitle "CBM 204 Extra"]
[Source "ChessBase"]
[SourceDate "2021.11.30"]
[SourceVersion "1"]
[SourceVersionDate "2021.11.30"]
[SourceQuality "1"]

1. d4 Nf6 2. Bf4 g6 3. Nc3 Bg7 4. e4 d5 5. e5 Ne4 6. Nxe4 dxe4 7. Qe2 Qxd4 8. c3 Qc5 9. Qxe4 Qc6 10. Qe3 0-0 11. Rd1 b6 12. Nf3 Bb7 13. Nd4 Qe4 14. Qxe4 Bxe4 15. f3 Bb7 16. Nb5 Nc6 17. Nxc7 Rad8 18. e6 Rxd1+ 19. Kxd1 f5 20. Bb5 Rd8+ 21. Kc2 Be5 22. Bxc6 Bxf4 23. Bxb7 Rd2+ 24. Kb3 Bxc7 25. g3 Kg7 26. Bc8 Kf6 27. f4 Bd6 28. Bd7 1/2-1/2

[Event "Skalica op-B"]
[Site "Skalica"]
[Date "2021.08.24"]
[Round "4"]
[White "Hrubsa, Marian"]
[Black "Magda, Filip"]
[Result "0-1"]
[WhiteElo "1782"]
[BlackElo "1394"]
[PlyCount "82"]
[EventDate "2021.08.21"]
[EventType "swiss"]
[EventRounds "9"]
[EventCountry "SVK"]
[SourceTitle "CBM 204 Extra"]
[Source "ChessBase"]
[SourceDate "2021.11.30"]
[SourceVersion "1"]
[SourceVersionDate "2021.11.30"]
[SourceQuality "1"]

1. e4 c5 2. Nf3 Nc6 3. d4 cxd4 4. Nxd4 d6 5. Nc3 g6 6. Be3 Bg7 7. Be2 Nf6 8. 0-0 0-0 9. f3 Bd7 10. Qd2 a6 11. Rad1 Rc8 12. Nb3 b5 13. Nd5 Nxd5 14. exd5 Ne5 15. c3 Nc4 16. Bxc4 Rxc4 17. Nd4 Qb8 18. b3 Rc7 19. Rc1 Qb7 20. Ne2 Rfc8 21. Rfe1 h5 22. Kh1 Bf5 23. Bf2 e6 24. dxe6 Bxe6 25. Qxd6 Bxc3 26. Nxc3 Rxc3 27. Rxc3 Rxc3 28. Qd8+ Kh7 29. Bd4 Rc8 30. Qf6 Rg8 31. Qh4 Rc8 32. Qf6 Rg8 33. Re5 Qc7 34. Qh4 Qc1+ 35. Re1 Qc6 36. Qf6 Bd5 37. Qf4 Re8 38. Be3 Qc3 39. Qh6+ Kg8 40. Re2 Qa1+ 41. Bg1 Rxe2 0-1

[Event "Skalica op-B"]
[Site "Skalica"]
[Date "2021.08.22"]
[Round "2"]
[White "Magda, Filip"]
[Black "Magdova, Lucia"]
[Result "1-0"]
[WhiteElo "1394"]
[BlackElo "1052"]
[PlyCount "57"]
[EventDate "2021.08.21"]
[EventType "swiss"]
[EventRounds "9"]
[EventCountry "SVK"]
[SourceTitle "CBM 204 Extra"]
[Source "ChessBase"]
[SourceDate "2021.11.30"]
[SourceVersion "1"]
[SourceVersionDate "2021.11.30"]
[SourceQuality "1"]

1. d4 d5 2. c4 dxc4 3. Nf3 Nf6 4. g3 Nc6 5. Bg2 Bg4 6. 0-0 e6 7. Nbd2 Nxd4 8. Nxd4 Qxd4 9. Bxb7 Rb8 10. Bg2 Bc5 11. Qa4+ Nd7 12. e3 Qd6 13. Qxc4 Bb4 14. Qxg4 Bxd2 15. Qxg7 Rf8 16. Qxh7 Bxc1 17. Raxc1 Rxb2 18. Rc2 Rxc2 19. Qxc2 Rh8 20. Rd1 Qe5 21. Bc6 Qh5 22. Bxd7+ Ke7 23. h4 Rd8 24. Ba4 Qa5 25. Rxd8 Kxd8 26. Qd3+ Kc8 27. Bd7+ Kb7 28. Qb3+ Ka6 29. Bc8# 1-0

[Event "SVK-ch U12"]
[Site "Lubovna"]
[Date "2020.08.18"]
[Round "5"]
[White "Magda, Filip"]
[Black "Ammer, Erik1"]
[Result "1-0"]
[WhiteElo "1266"]
[BlackElo "1293"]
[PlyCount "97"]
[EventDate "2020.08.15"]
[EventType "swiss"]
[EventRounds "9"]
[EventCountry "SVK"]
[SourceTitle "EXT 2021"]
[Source "ChessBase"]
[SourceDate "2020.10.23"]
[SourceVersion "1"]
[SourceVersionDate "2020.10.23"]
[SourceQuality "1"]

1. d4 d5 2. e4 e6 3. Nc3 Nc6 4. Be3 g6 5. Bb5 Bg7 6. Bxc6+ bxc6 7. Qd2 Rb8 8. b3 Ne7 9. Bh6 Bxh6 10. Qxh6 dxe4 11. Nge2 Ba6 12. 0-0 Nf5 13. Qd2 c5 14. Rfd1 cxd4 15. Nxd4 Nxd4 16. Qxd4 Qxd4 17. Rxd4 f5 18. Rad1 0-0 19. Ra4 Rb6 20. Rd7 Rc6 21. Nd1 Rf7 22. Rxf7 Kxf7 23. c4 Rd6 24. Nc3 Rc6 25. Kf1 Kf6 26. Ke2 Ke5 27. Ke3 Rd6 28. Ra5+ Kf6 29. Ke2 Rc6 30. f3 exf3+ 31. Kxf3 Rd6 32. Ke3 g5 33. g3 h5 34. h3 g4 35. h4 Ke7 36. Ne2 Kf6 37. Nf4 e5 38. Nd5+ Kg6 39. Nxc7 Bc8 40. Rxe5 Bb7 41. Re6+ Rxe6+ 42. Nxe6 Kf6 43. Nf4 Be4 44. Nxh5+ Kg6 45. Nf4+ Kf6 46. Kd4 Bb1 47. a3 Be4 48. c5 a5 49. b4 1-0

[Event "EU-ch U10"]
[Site "Bratislava"]
[Date "2019.08.09"]
[Round "8"]
[White "Magda, Filip"]
[Black "Shmyrev, Nikolai"]
[Result "1/2-1/2"]
[WhiteElo "1281"]
[BlackElo "1086"]
[PlyCount "88"]
[EventDate "2019.08.02"]
[EventType "swiss"]
[EventRounds "9"]
[EventCountry "SVK"]
[SourceTitle "EXT 2020"]
[Source "ChessBase"]
[SourceDate "2019.10.17"]
[SourceVersion "1"]
[SourceVersionDate "2019.10.17"]
[SourceQuality "1"]

1. d4 d5 2. c4 e6 3. Nc3 Nf6 4. cxd5 exd5 5. Bg5 c6 6. e3 Be7 7. Bd3 Bg4 8. Nge2 Bh5 9. Qc2 Bg6 10. 0-0 Bxd3 11. Qxd3 0-0 12. Rac1 Nbd7 13. f3 Nb6 14. e4 Rc8 15. a3 h6 16. Bh4 Nh7 17. Bxe7 Qxe7 18. exd5 cxd5 19. Nf4 Nf6 20. Rfe1 Qd7 21. Qb5 Qxb5 22. Nxb5 Rxc1 23. Rxc1 Rc8 24. Rxc8+ Nxc8 25. Kf2 a6 26. Nc3 Ne7 27. g4 Kf8 28. Ke3 Ke8 29. h4 g5 30. hxg5 hxg5 31. Nd3 Kd7 32. Ne5+ Ke6 33. Nd3 Nd7 34. Na4 Kd6 35. Nac5 Nxc5 36. Nxc5 Kc6 37. f4 f6 38. fxg5 fxg5 39. Ne6 Kb5 40. b3 a5 41. Nxg5 a4 42. bxa4+ Kxa4 43. Ne6 Kxa3 44. g5 b5 1/2-1/2

[Event "EU-ch U10"]
[Site "Bratislava"]
[Date "2019.08.05"]
[Round "4"]
[White "Suska, Szymon"]
[Black "Magda, Filip"]
[Result "1-0"]
[WhiteElo "1363"]
[BlackElo "1281"]
[PlyCount "47"]
[EventDate "2019.08.02"]
[EventType "swiss"]
[EventRounds "9"]
[EventCountry "SVK"]
[SourceTitle "EXT 2020"]
[Source "ChessBase"]
[SourceDate "2019.10.17"]
[SourceVersion "1"]
[SourceVersionDate "2019.10.17"]
[SourceQuality "1"]

1. e4 c5 2. Nc3 Nc6 3. f4 g6 4. Nf3 Bg7 5. Bb5 d6 6. Bxc6+ bxc6 7. 0-0 Nf6 8. d3 Bd7 9. Qe1 0-0 10. Qh4 Qb6 11. f5 c4+ 12. Kh1 cxd3 13. cxd3 c5 14. g4 Rac8 15. Ng5 e6 16. h3 c4 17. Nf3 Rfe8 18. Bg5 Qd8 19. e5 dxe5 20. Ne4 cxd3 21. Nxf6+ Bxf6 22. Bxf6 Qc7 23. Qh6 Bc6 24. Qg7# 1-0

[Event "EU-ch U10"]
[Site "Bratislava"]
[Date "2019.08.03"]
[Round "2"]
[White "Papaioannou, Dimitrios1"]
[Black "Magda, Filip"]
[Result "1/2-1/2"]
[WhiteElo "1608"]
[BlackElo "1281"]
[PlyCount "50"]
[EventDate "2019.08.02"]
[EventType "swiss"]
[EventRounds "9"]
[EventCountry "SVK"]
[SourceTitle "EXT 2020"]
[Source "ChessBase"]
[SourceDate "2019.10.17"]
[SourceVersion "1"]
[SourceVersionDate "2019.10.17"]
[SourceQuality "1"]

1. c4 g6 2. Nc3 Bg7 3. g3 c5 4. Bg2 Nc6 5. e4 Nf6 6. Nge2 d6 7. d3 0-0 8. 0-0 Bd7 9. h3 Qc8 10. Kh2 a6 11. Be3 Ne5 12. Rc1 b5 13. b3 bxc4 14. dxc4 a5 15. a4 Rb8 16. Nf4 Qb7 17. Ncd5 Nxd5 18. Nxd5 Qxb3 19. Nxe7+ Kh8 20. Qxd6 Qxa4 21. Bxc5 Nxc4 22. Qf4 Be6 23. Nd5 Rfc8 24. Be3 Nxe3 25. Qxe3 Qb3 1/2-1/2

[Event "SVK-ch U10"]
[Site "Liptovsky Mikulas"]
[Date "2018.04.25"]
[Round "7"]
[White "Magda, Filip"]
[Black "Polomsky, Tomas"]
[Result "1-0"]
[WhiteElo "1197"]
[BlackElo "1094"]
[PlyCount "59"]
[EventDate "2018.04.21"]
[EventType "swiss"]
[EventRounds "9"]
[EventCountry "SVK"]
[SourceTitle "CBM 184 Extra"]
[Source "ChessBase"]
[SourceDate "2018.06.28"]
[SourceVersion "1"]
[SourceVersionDate "2018.06.28"]
[SourceQuality "1"]

1. e4 c5 2. Nf3 Nc6 3. d4 cxd4 4. Nxd4 g6 5. c4 Bg7 6. Be3 Nf6 7. Nc3 Ng4 8. Qxg4 Bxd4 9. Bxd4 Nxd4 10. Qd1 Qb6 11. b3 0-0 12. Nd5 Qd6 13. Qxd4 f5 14. e5 Qa3 15. Qh4 Qb2 16. Rd1 Qxe5+ 17. Be2 e6 18. Ne7+ Kf7 19. Qxh7+ Kf6 20. Nxg6 Qc3+ 21. Kf1 Rf7 22. Qh8+ Rg7 23. Nf4 Kf7 24. Qh5+ Kf6 25. Qe8 Ke5 26. Nd3+ Kd4 27. Qh8 Ke4 28. Qh4+ Rg4 29. f3+ Ke3 30. Qf2# 1-0

[Event "SVK-ch U08"]
[Site "Liptovsky Mikulas"]
[Date "2017.04.25"]
[Round "5"]
[White "Magda, Filip"]
[Black "Sahidi, Sear"]
[Result "1-0"]
[WhiteElo "1000"]
[BlackElo "1000"]
[PlyCount "29"]
[EventDate "2017.04.22"]
[EventType "swiss"]
[EventRounds "9"]
[EventCountry "SVK"]
[SourceTitle "CBM 178 Extra"]
[Source "ChessBase"]
[SourceDate "2017.06.22"]
[SourceVersion "1"]
[SourceVersionDate "2017.06.22"]
[SourceQuality "1"]

1. e4 e5 2. Nf3 Nc6 3. Bc4 Nf6 4. Nc3 Bc5 5. d3 0-0 6. Bg5 h6 7. Bxh6 gxh6 8. Qd2 Nd4 9. h3 Nc6 10. Qxh6 d6 11. Ng5 Nb4 12. 0-0-0 Bxf2 13. Kb1 Qe8 14. Nd5 Nfxd5 15. Qh7# 1-0